000 00439nam a2200181Ia 4500
001 1823
005 20260306143757.0
008 260306t2016||||xx |||||||||||||| ||spa||
041 _aESP
082 _a155.51
_bA44
100 _aAlmario, Julián Felipe
_eAUT
245 0 _aUna mirada existencial a la adolescencia
260 _c2016
300 _a185 páginas :
_c23 cm.
650 _aGEN
654 _aCPS
942 _cLIB
_dJUS
_fJUS
_2ddc
_n
999 _c1823
_d1823